| 000 | 00000nas 2200000za 4500 |
| 001 | 9.502181 |
| 003 | CaOODSP |
| 005 | 20231204153048 |
| 007 | cr ||||||||||| |
| 008 | 150406d19952013qucar p o f0 b0fre|d |
| 022 | |a1495-1894 |
| 040 | |aCaOODSP|bfre |
| 043 | |an-cn--- |
| 086 | 1 |aNM20-1F-PDF |
| 110 | 1 |aCanada.|bSociété du musée canadien des civilisations. |
| 222 | 0|aRapport annuel de la Société du Musée canadien des civilisations |
| 245 | 10|aRapport annuel de la Société du Musée canadien des civilisations |h[ressource électronique]. |
| 246 | 10|aRapport annuel |
| 260 | |a[Gatineau, Québec] : |bSociété du musée canadien des civilisations, |c1996-2013. |
| 310 | |aAnnuel |
| 362 | 1 |aParaît depuis 1994/1995 ; ne paraît plus après 2012/2013. |
| 500 | |aPubl. aussi en anglais sous le titre : Canadian Museum of Civilization Corporation annual report. |
| 520 | 3 |aDécrit en détail les activités au cours de l’exercice financier. Comprend des états financiers. |
| 692 | 07|2gccst|aRapport annuel |
| 692 | 07|2gccst|aMusée |
| 710 | 2 |aMusée canadien de la guerre. |
| 775 | 08|tCanadian Museum of Civilization Corporation annual report |w(CaOODSP)9.505776 |
| 776 | 0#|tMusée canadien des civilisations, Musée canadien de la guerre - rapport annuel / |w(CaOODSP)9.511933 |
| 785 | 00|tRapport annuel … |w(CaOODSP)9.504328 |